000 00580nam a2200205 a 4500
005 20140310183157.0
008 021016s19uu xx 00 eng d
020 _a9814058193
050 _aQA 76.73.B3
_b.D46 2000
100 _aDeitel, H. M.
245 _aVisual basic 6 :
_bhow to program /
_cH. M. Deitel.
260 _aNew Jersey :
_bPearson Education,
_c2001.
300 _a1015 p. :
_bill. ;
_c23 cm.
521 _aIT
650 _aMicrosoft visual BASIC
650 _aBASIC ( computer program language )
942 _cBK
_2lcc
_kFOR
999 _c19803
_d19803